000 00631nam a22001931a 4500
001 18242
003 OSt
005 20260204212356.0
008 170511s2001||||ck ||||||b||||||||||spa||
020 _a958300782x
082 _a860.4 R615e
100 _aRamírez Gómez, Liliana
245 _aEstudio Literario de la vorágine: Biografía, Argumento, Personajes, Estructura y Lenguaje, Temas Clave / Liliana Ramírez Gómez
264 _aBogotá: Panamericana
300 _a60 p.
650 _a1.LA VORÁGINE-CRITICA E INTERPRETACIÓN 2.LA VORÁGINE-ANÁLISIS LITERARIO
700 _aRivera, José EustasioÌ
942 _2ddc
_cBK
999 _c18242
_d18242